| 000 | 00761cam a22002533a 4500 | ||
|---|---|---|---|
| 001 | 3668 | ||
| 003 | PGUSA | ||
| 005 | 20140828083036.0 | ||
| 008 | 030101s2003||||xxu|||||s|||||000 | eng d | ||
| 040 |
_aPGUSA _beng |
||
| 042 | _adc | ||
| 050 | 4 | _aDT | |
| 100 | 1 |
_aBaker, Samuel White, _cSir, _d1821-1893 |
|
| 245 | 1 | 4 |
_aThe Albert N'Yanza, Great Basin of the Nile, And Explorations of the Nile Sources _h[electronic resource] / _cSamuel White, Baker |
| 260 |
_bProject Gutenberg, _c2003 |
||
| 506 | _aPublic domain in the USA. | ||
| 516 | _aElectronic text | ||
| 653 | _aNile River | ||
| 653 | _aSudan | ||
| 653 | _aAlbert, Lake (Congo and Uganda) | ||
| 830 | 0 |
_aProject Gutenberg _v3668 |
|
| 856 | 4 | 0 | _uhttp://www.gutenberg.org/ebooks/3668 |
| 942 | _cEB | ||
| 999 |
_c232997 _d232997 |
||